00441nam a2200145Ia 4500008004100000020001800041082001500059100001600074245002400090260001200114500001600126942000700142952013100149999001500280260604s9999 xx 000 0 und d a9780143062226 a823.92 MUR aSudha murty 0aWise and Other Wise bPenguin aSudha murty cBK 00104070aIIMVbIIMVcGENERALd2026-06-04g1299.00l0o823.92 MURp004347r2026-06-04 10:21:24v1299.00w2026-06-04yBKBMUR c8729d8729